000 00416nam a2200157Ia 4500
003 GCL
008 140319s9999 xx 000 0 eng d
040 _aGCL /
_cGCL
082 0 4 _a101
_bMP
100 1 _aMEYER, MICHEL
245 1 0 _aDE LE PROBLEMA TO LOGIE:PHILOSOPHIE,SCINCE ET LANGAGE /
_cMEYER, MICHEL
260 _a[S.N] :
_bPIERRE MARDAGA ،
_c1986
300 _a348
650 0 4 _aPHILOSOPHY
942 _2ddc
_cBK
999 _c11590
_d11590